00546nam a2200181Ia 4500008004100000082001400041100002400055245004100079250000800120260003300128300001100161500002400172650001200196700002600208942000700234952010600241999001700347230524s9999 xx 000 0 und d a6.13bARO aSumita Arora924005 0aComputer Science C++ (For Class XII) a2ND aNEW DELHIbDhanpat Raic2000 aXV;731 aQuantity Number: 1 aComp-Sc a Gautam Sarkar924006 cBK 00104070aTATCLbTATCLcGENd2023-05-24l0o006.13 AROp13331r2023-05-24w2023-05-24yBKzBCSE3201 c35553d35553